| 000 | 01494nam0a2200301 4500 | ||
|---|---|---|---|
| 001 | RU\NLR\bibl\1096050 | ||
| 005 | 20250615053913.0 | ||
| 010 |
_a5-02-035732-4 _91000 |
||
| 021 |
_aRU _b2007-30124 _91599 |
||
| 035 | _a(NLR Aleph) 001083165 | ||
| 090 |
_a1071372 _c1071372 |
||
| 100 | _a20070608d2007 |||y0rusy50 ca | ||
| 101 | 0 | _arus | |
| 102 | _aRU | ||
| 105 | _aa ||||||||| | ||
| 200 | 1 |
_aНефтеперерабатывающая и нефтехимическая промышленность - единый производственный комплекс _fВ.С. Федоров _gсост.: С.Н. Хаджиев [и др.] |
|
| 210 |
_aМосква _cНаука _d2007 |
||
| 215 |
_a156,[2] с. _cил., карт. _d23 |
||
| 300 | _aНа авантит.л.: К 95-летию со дня рождения Виктора Степановича Федорова - талант. инженера, патриота, незауряд. организатора гос. масштаба | ||
| 606 | 1 |
_aНефтехимические комплексы _yРоссийская Федерация _92262294 _3RU\NLR\auth\661356376 |
|
| 606 | 1 |
_aНефтеперерабатывающая промышленность _yСССР _91108803 _3RU\NLR\auth\66117970 |
|
| 686 | _aУ30(2)565.252-434 | ||
| 700 | 1 |
_aФедоров _bВ. С. _gВиктор Степанович _4070 |
|
| 801 | 0 |
_aRU _bNLR _c20070608 _gRCR |
|
| 801 | 1 |
_aRU _bNLR _c20070608 |
|
| 942 | _cBOOK | ||
| 980 | _aNB | ||